000 00641nam a2200193Ia 4500
008 151119s9999||||xx |||||||||||||| ||und||
082 _a28.5
082 _bGKKV29123
100 _aगोखले गो सी
245 _aज्ञानसागरातील शिंपले भाग ५
260 _a--
260 _b--
260 _c0
600 _aगोखले गो सी
630 _aज्ञानसागरातील शिंपले भाग ५
700 _aगोखले गो सी
730 _aज्ञानसागरातील शिंपले भाग ५
942 _cBOOK
999 _c1081490
_d1081487